PARTYNEXTDOOR Discography - Statistics

General Stats
  • This quiz has been taken 40 times
  • The average score is 4 of 7
Answer Stats
Year Name Type % Correct
2013 PARTYNEXTDOOR EP
97%
2016 PARTYNEXTDOOR 3 Album
77%
2014 PARTYNEXTDOOR TWO Album
71%
2014 Colours EP
66%
2017 Seven Days EP
57%
2017 Colours 2 EP
40%
2017 Club Atlantis Album
6%
No matching quizzes found
Score Distribution
Percent of People with Each Score
Percentile by Number Answered
Your Score History
You have not taken this quiz